000 005120000a22001690004500
003 MACL
005 20160306163738.0
008 160306b xxu||||| |||| 00| 0 eng d
040 _aMACL
_cMACL
041 _aHindi
082 _a891.433
100 _aपंत गोविन्‍दवल्‍लभ
_943717
245 _aचक्रकांत
260 _bभारती भण्‍डार
_aइलाहाबाद
650 _aIndian Literature Fiction
_943719
942 _cHIN
_k891.433
_2ddc
999 _c23465
_d23465